000 00444nam a22001457a 4500
005 20240703150547.0
008 240703b |||||||| |||| 00| 0 eng d
020 _a0309036348
050 _aTX 360 .U6 N88 1986
_bC. 1
100 _aNATIONAL ACADEMY PRESS
245 _aNUTRIENT ADEQUACY
_bASSESSMENT USING FOOD CONSUMPTION SURVEYS
260 _aWASHINGTON, D. C.
_bNATIONAL ACADEMY PRESS
_c1986
300 _aXI, 146P.: ILL.
942 _2lcc
_cBK
999 _c210455
_d210455